000
00336nam a22001457a 4500
020
_a
978-1-118-93582-8
082
_a
617.67 ,D15F
100
_a
FEJERSKOV ,OLE
245
_a
DENTAL CARIES : THE DISEASE AND ITS CLINICAL MANAGEMENT
250
_a
3RD
260
_a
U.K
_b
WILEY
_c
2015
300
_a
466
650
_a
OMR
942
_2
ddc
_c
BK
999
_c
9930
_d
9930